000 00738nam a2200229Ia 4500
003 GCL
005 20240530103110.0
008 140319s9999 xx 000 0 ara d
040 _aGCL /
_cGCL
082 0 4 _a412
_bا ا
100 1 _aرمضان عبدالتواب
245 1 0 _aاشتقاق الاسماء /
_cرمضان عبدالتواب
260 _a[S.N] :
_bمكتبة الخانجى ،
_c1994
300 _a160 ص
490 _aسلسلة روائع التراث اللغوى
_v0
650 0 4 _aالالفاظ
650 0 4 _aالاشتقاق
650 0 4 _aاللغة العربية
650 0 4 _aالاسماء
700 1 _aالاصمعى، ابو سعيد عبدالملك بن قريب، 740-831 م
942 _2ddc
_cBK
999 _c36810
_d36810